Frontier regions in Western Europe (Record no. 38676)

MARC details
000 -LEADER
fixed length control field 00382nam a2200157Ia 4500
008 - FIXED-LENGTH DATA ELEMENTS--GENERAL INFORMATION
fixed length control field 230917s9999||||xx |||||||||||||| ||und||
020 ## - ISBN
Price POU15
040 ## - CATALOGING SOURCE
-- 3634
Original cataloging agency VIVEKANANDA LIBRARY
041 ## - Language
-- English
082 ## - DDC NUMBER
Classification number 320.94 A23F
100 ## - MAIN ENTRY--PERSONAL NAME
Personal name Anderson, Malcolm, ed.
245 #0 - TITLE STATEMENT
Title Frontier regions in Western Europe
260 ## - PUBLICATION, DISTRIBUTION, ETC. (IMPRINT)
Place of publication, distribution, etc London
Name of publisher, distributor, etc Frank Cass
Date of publication, distribution, etc 1983
300 ## - PHYSICAL DESCRIPTION
Pages 136 p.
942 ## - ADDED ENTRY ELEMENTS (KOHA)
Koha item type Books
Holdings
Withdrawn status Lost status Damaged status Not for loan Location (home branch) Sublocation or collection (holding branch) Date acquired Koha issues (times borrowed) Koha full call number Accession No. Koha date last seen Koha item type
        VIVEKANANDA LIBRARY VIVEKANANDA LIBRARY 08/08/2002   320.94 A23F 104288 17/09/2023 Books
© Designed and Maintained by Vivekananda Library, MDU Rohtak